Report on the boundary dispute between U.P. and Bihar. (Record no. 85929)
[ view plain ]
| 000 -LEADER | |
|---|---|
| fixed length control field | 00808cam a2200253 4500 |
| 001 - CONTROL NUMBER | |
| control field | sa 68014644 |
| 003 - CONTROL NUMBER IDENTIFIER | |
| control field | DLC |
| 005 - DATE AND TIME OF LATEST TRANSACTION | |
| control field | 20260227112633.0 |
| 008 - FIXED-LENGTH DATA ELEMENTS--GENERAL INFORMATION | |
| fixed length control field | 700209m19649999ii b 000 0 eng |
| 010 ## - LIBRARY OF CONGRESS CONTROL NUMBER | |
| LC control number | sa 68014644 |
| 025 ## - OVERSEAS ACQUISITION NUMBER | |
| Overseas acquisition number | PL480:I-E-9409 |
| 040 ## - CATALOGING SOURCE | |
| Original cataloging agency | DLC |
| Transcribing agency | DLC |
| Modifying agency | DLC |
| 050 00 - LIBRARY OF CONGRESS CALL NUMBER | |
| Classification number | DS485.U64 |
| Item number | I48 |
| 082 00 - DEWEY DECIMAL CLASSIFICATION NUMBER | |
| Classification number | 911/.54/2 |
| 110 1# - MAIN ENTRY--CORPORATE NAME | |
| Corporate name or jurisdiction name as entry element | India. |
| 245 00 - TITLE STATEMENT | |
| Title | Report on the boundary dispute between U.P. and Bihar. |
| 260 ## - PUBLICATION, DISTRIBUTION, ETC. | |
| Place of publication, distribution, etc. | [Delhi, |
| Name of publisher, distributor, etc. | Manager of Publications] |
| Date of publication, distribution, etc. | 1964 [cover 1965]- |
| 300 ## - PHYSICAL DESCRIPTION | |
| Extent | v. |
| Other physical details | fold. col. map (in pocket) |
| Dimensions | 24 cm. |
| 350 ## - PRICE (NR) (BK AM CF MU VM SE) [OBSOLETE] | |
| Price | 17.50 (v. 1) |
| 500 ## - GENERAL NOTE | |
| General note | Report signed: C. M. Trivedi. |
| 651 #0 - SUBJECT ADDED ENTRY--GEOGRAPHIC NAME | |
| Geographic name | Uttar Pradesh (India) |
| General subdivision | Boundaries |
| Geographic subdivision | India |
| -- | Bihar. |
| 651 #0 - SUBJECT ADDED ENTRY--GEOGRAPHIC NAME | |
| Geographic name | Bihar (India) |
| General subdivision | Boundaries |
| Geographic subdivision | India |
| -- | Uttar Pradesh. |
| 700 1# - ADDED ENTRY--PERSONAL NAME | |
| Personal name | Trivedi, Chandulal Madhavlal, |
| Titles and other words associated with a name | Sir, |
| Dates associated with a name | 1893- |
No items available.